Ley general de urbanismo y construcciones

Guardat en:
Dades bibliogràfiques
Autors principals: Brieva Alvarado, Amador (Autor), Bastías Romo, Lionel (Autor)
Format: Llibre
Idioma:espanyol
Publicat: Santiago Jurídica 2007
Edició:7a. ed
Matèries:
Etiquetes: Afegir etiqueta
Sense etiquetes, Sigues el primer a etiquetar aquest registre!

MARC

LEADER 00000nam a2200000 a 4500
001 UCH3654
003 CL-VaPUC
008 090813e20070000CL |||||||||||||||||spa|d
020 |a 9789561017030 
082 0 4 |a 346.83044  |b BRI  |2 21 
100 0 |a Brieva Alvarado, Amador  |e author  |9 539156 
700 0 |a Bastías Romo, Lionel  |e author  |9 539157 
245 1 0 |a Ley general de urbanismo y construcciones 
250 |a 7a. ed 
300 |a 313 p 
942 |c BK 
945 |d 20090813 00:00:00  |a rbrito 
260 |a Santiago  |b Jurídica  |c 2007 
650 0 |a Urbanismo  |9 255208 
650 0 |a Derecho y legislación   |9 255077 
650 0 |a Viviendas   |9 255326 
650 7 |a SUBSIDIOS HABITACIONALES  |2 CL-VaPUC  |9 255327 
650 7 |a LEY SOBRE COPROPIEDAD INMOBILIARIA  |2 CL-VaPUC  |9 539158 
650 7 |a LEY DE MONUMENTOS NACIONALES  |2 CL-VaPUC  |9 539159 
650 7 |a LEASING HABITACIONAL  |2 CL-VaPUC  |9 406958 
583 |a last modification  |c 20090813 00:00:00  |k Rodrigo Vera 
999 |c 335137  |d 335135 
952 |0 0  |1 0  |4 0  |6 346_830440000000000_BRI_2007  |7 0  |8 A  |9 424754  |a BIBDER  |b BIBDER  |d 2019-11-22  |i 4587774  |l 1  |o 346.83044 BRI 2007  |p 4587774  |r 2025-01-21  |s 2025-01-07  |w 2019-11-22  |y BK  |k DER 
952 |0 0  |1 0  |4 0  |6 346_830440000000000_BRI_2007  |7 0  |8 A  |9 424755  |a BIBDER  |b BIBDER  |d 2019-11-22  |i 4626869  |l 2  |m 1  |o 346.83044 BRI 2007  |p 4626869  |r 2023-01-25  |s 2021-11-08  |w 2019-11-22  |y BK  |k DER